000
00296nam a2200109Ia 4500
008
171211s9999 xx 000 0 und d
245
_a
Encyclopedia of Signaling Molecules
245
_c
Sangdun Choi
260
_c
2012
650
_x
Biology
856
_u
http://down.ebook777.com/063/1441904611.pdf
999
_c
350365
_d
350365